000 00586nam a22001937a 4500
005 20170908112301.0
010 _aENG-120229
020 _a9788189430580
_c150.00
035 _aEN-103761
037 _bDBAD/PUB
082 _a230.35
100 _aParamhansa Yogananda
245 _aHow to achieve glowing health and vitality /
_cby Paramhansa Yogananda
260 _aGurgaon
_bAnand Sanga Publication
_c2011
270 _aB-10/8 DLF City Phase I
_bGurgaon
_e122002
300 _a160p.
_c17cm.(pbk)
500 _aIncludes index
942 _2ddc
_cEN
_h220.35
_mPAR
999 _c144069
_d144069